Central Library OPAC University of Rajshahi

The Ambassadors / (Record no. 53139)

MARC details
000 -LEADER
fixed length control field 00969nam a2200301 a 4500
001 - CONTROL NUMBER
control field 53139
003 - CONTROL NUMBER IDENTIFIER
rucl marc code BD-RjUL
005 - DATE AND TIME OF LATEST TRANSACTION
control field 20211209075921.0
008 - FIXED-LENGTH DATA ELEMENTS--GENERAL INFORMATION
fixed length control field 161003s1994 enk s 000 1 eng d
020 ## - INTERNATIONAL STANDARD BOOK NUMBER
Canceled/invalid ISBN 1901843866
035 ## - SYSTEM CONTROL NUMBER
System control number (BD-RjUL)53259
040 ## - CATALOGING SOURCE
Original cataloging agency CaPaEBR
Transcribing agency CaPaEBR
Language of cataloging eng
Modifying agency BD-RjUL
041 ## - LANGUAGE CODE
Language code of text/sound track or separate title eng
082 ## - DEWEY DECIMAL CLASSIFICATION NUMBER
Edition number 23
Classification number 813.4
Author mark and year JAA 1994
100 1# - MAIN ENTRY--PERSONAL NAME
Personal name James, Henry,
Dates associated with a name 1843-1916.
9 (RLIN) 127787
245 14 - TITLE STATEMENT
Title The Ambassadors /
Statement of responsibility, etc. Henry James.
250 ## - EDITION STATEMENT
Edition statement 2nd ed.
260 ## - PUBLICATION, DISTRIBUTION, ETC. (IMPRINT)
Place of publication, distribution, etc. London :
Name of publisher, distributor, etc. Electric Book Co.,
Date of publication, distribution, etc. 1994
300 ## - PHYSICAL DESCRIPTION
Pagination viii, 543 p. :
Illustrations ill. ;
Size 24 cm.
600 10 - SUBJECT ADDED ENTRY--PERSONAL NAME
Personal name James, Henry,
Dates associated with a name 1843-1916.
650 #0 - SUBJECT ADDED ENTRY--TOPICAL TERM
Topical term or geographic name as entry element Americans
Geographic subdivision France
-- Paris
Form subdivision Fiction.
9 (RLIN) 158844
Topical term or geographic name as entry element American literature
Chronological subdivision 19th century.
9 (RLIN) 158845
710 2# - ADDED ENTRY--CORPORATE NAME
Corporate name or jurisdiction name as entry element ebrary, Inc.
9 (RLIN) 137644
856 40 - ELECTRONIC LOCATION AND ACCESS
Uniform Resource Identifier <a href="http://www.columbia.edu/cgi-bin/cul/resolve?clio5376159">http://www.columbia.edu/cgi-bin/cul/resolve?clio5376159</a>
Public note Click here for full text.
942 ## - ADDED ENTRY ELEMENTS (KOHA)
Source of classification or shelving scheme Dewey Decimal Classification
Koha item type Books
Holdings
Lost status Source of classification or shelving scheme Damaged status Not for loan Collection code Permanent Location Current Location Shelving location Date acquired Source of acquisition Cost, normal purchase price Total Checkouts Full call number Date last seen Copy number Koha item type
  Dewey Decimal Classification     Non-fiction Central Library, University of Rajshahi Central Library, University of Rajshahi   02/04/2009 Dhaka paragon enterprises ltd. 8.95   813.4 JAA 1994 03/10/2016 C-2 Books